| 000 | 00529nam a2200181Ia 4500 | ||
|---|---|---|---|
| 005 | 20250326140536.0 | ||
| 008 | 250326s9999 xx 000 0 und d | ||
| 037 | _aTextbook | ||
| 040 |
_aFMSL _beng _cFMSL |
||
| 041 |
_aeng _2eng |
||
| 084 |
_aX621.44N99 N9 _qFMSL |
||
| 100 | _aReserve Bank OF India | ||
| 245 | 0 |
_aAnnual Report 1998-99 _cReserve Bank OF India |
|
| 260 |
_aNew Delhi _bNew Delhi, Reserve Bank of India _c1999 |
||
| 300 | _a233p | ||
| 942 |
_cTB _hX621.44N99 N9 |
||
| 999 |
_c1286235 _d1286235 |
||